01374nam a2200265Ia 4500001000600000003000900006008004100015040001300056040001300069041001300082100001600095100002900111245003100140245004600171250001100217260001600228260001500244260004900259300005900308500064500367650002501012650003101037700001101068700002901079F8624IT-RoPAU130308s9999 xx 000 0 und d aIT-RoPAU cIT-RoPAU aITALIANO aMenoni Orio gCodice Aut. SPICS: 45868 aNon colti di registi culto bCulti Non Colti: Guida al Cinema Sommerso a1a ed. aALESSANDRIA bFalsopiano c1999 [1° Ed.:1999 - Ed.Ling.Originale:1999] a"45 p. (prefazione: no ; testo: 45 [pagine: 153-197])" aSchede e brevi Note dei Film: Amori e Amicizie di John Sayles, Assassinio senza Colpa? di William Friedkin, caccia Alle Streghe di Paul Schrader, croce via per L'Inferno di John Mcnaughton, Enjeru Dasuto (Angel Dust) di Ishiisogo, L'Erba del Vicino di Joe Dante, Liebeslieder: Einsturzende Neubautendi Klaus Maeck, nel profondo del Delirio di Walerian Borowczyk, The passion Of Darkly Noon di Philip Ridley, quella Cosa chiamata Amore di Peter Bogdanovich, Ricordi della Casa Gialla di Joao Cesar Monteiro, Sfida finale di Larry Cohen, strada senza ritorno di Samuel Fuller, strade violente di Michael Mann, tokyo Fist di Shin'Ya Tsukamoto. aSCHEDE FILMOGRAFICHE eCodice materia Spics: 6814 aAA.VV. gCodice Aut. SPICS: 12000